00407nam a22001335i 45000010009000000050017000090080041000260200018000670400013000850820018000982450111001162600035002273000011002621942213220190504100155.0161222s2017 nyu 000 0 eng  a9783319453620 cPK-LaUMT a621.042bREN-00aRenewable energies /cedited by Fausto Pedro Garcia Marquez, Alexander Karyotakis and Mayorkinos Papaelias aSwitzerland :bSpringer,c2018 a159 p.